[Event "Harmonie Open A"]
[Site "Groningen NED"]
[Date "2007.12.27"]
[Round "6"]
[White "Hoeksema,E"]
[Black "Adly,A"]
[Result "0-1"]
[WhiteElo "2373"]
[BlackElo "2494"]

1.e4 c5 2.Nf3 d6 3.Bb5+ Nd7 4.d4 Nf6 5.Nc3 a6 6.Bxd7+ Nxd7 7.O-O e6 8.Bg5 Be7
9.Bxe7 Qxe7 10.a4 O-O 11.Qd2 Rd8 12.Rfd1 cxd4 13.Qxd4 Nf8 14.Qb6 a5 15.Rd2 Ra6
16.Qe3 Bd7 17.Rad1 Ng6 18.Nd4 Ne5 19.b3 f6 20.Ndb5 Nf7 21.f4 Rc8 22.Ne2 Bxb5
23.axb5 Raa8 24.Qd4 Qc7 25.Ra1 d5 26.exd5 exd5 27.Rad1 Qc5 28.Qxc5 Rxc5 29.Nd4 Re8
30.Ra1 b6 31.b4 axb4 32.Ra6 b3 33.Nxb3 Rxb5 34.Ra7 g6 35.g3 Kf8 36.Nd4 Rb1+
37.Kg2 Re7 38.Ra8+ Kg7 39.Rb8 f5 40.Nf3 Rb2 41.Rc8 Nd6 42.Rc6 Nc4 43.Rf2 b5
44.Nd4 b4 45.Ne6+ Rxe6 46.Rxe6 d4 47.Rc6 Ne3+ 48.Kf3 b3 49.cxb3 Rxb3 50.Ke2 Ng4
51.Rf3 Rb2+ 52.Ke1 Nxh2 53.Rd3 Kh6 54.Rc7 Ra2 55.Kd1 Nf1 56.Ke1 Ne3 57.Rd2 Ra1+
58.Ke2 Nd5 59.Rf7 Ra3 60.Kf2 Nc3 61.Rxd4 Ne4+ 62.Rxe4 fxe4 63.g4 Rb3 64.Kg2 Rf3
65.Kg1 g5 66.fxg5+ Kxg5 67.Rxh7 Kxg4 68.Rg7+ Kf4 69.Ra7 Rb3 70.Ra2 Kf3 71.Rf2+ Ke3
72.Ra2 Rd3 73.Ra8 Ke2 74.Ra2+ Rd2 75.Ra8 e3 76.Re8 Rd5 77.Ra8 Rg5+ 78.Kh2 Kf2
79.Rf8+ Ke1 80.Ra8 e2 81.Rd8 Kf2 82.Rf8+ Ke3 83.Re8+ Kf3  0-1

[Event "Premier"]
[Site "Hastings ENG"]
[Date "2007.12.28"]
[Round "1"]
[White "Briscoe,C"]
[Black "Gormally,D"]
[Result "0-1"]
[WhiteElo "2273"]
[BlackElo "2484"]

1.e4 c5 2.Nf3 d6 3.Bb5+ Nd7 4.d4 Nf6 5.O-O a6 6.Bxd7+ Nxd7 7.b3 e6 8.Bb2 cxd4
9.Nxd4 Nf6 10.Qe2 Be7 11.c4 O-O 12.Nc3 Qc7 13.f4 b6 14.Rac1 Bb7 15.f5 e5
16.Nd5 Qd8 17.Nc2 b5 18.Rfd1 bxc4 19.bxc4 Bxd5 20.exd5 Qb6+ 21.Ne3 Ne4 22.Rc2 Bg5
23.Bc1 Rfc8 24.Kf1 Bxe3 25.Bxe3 Qb4 26.Bd2 Nxd2+ 27.Qxd2 Rxc4 28.Qxb4 Rxb4
29.Rc6 Rf4+ 30.Ke2 Rxf5 31.Rxd6 Kf8 32.Rb1 Ke7 33.Rc6 Ra7 34.Rbb6 Rd7 35.d6+ Ke6
36.Rxa6 Rf4 37.Rc7 Rd4 38.Rxd7 Kxd7 39.Ra7+ Ke6 40.a4 Rxd6 41.a5 Rd4 42.Ra6+ Kf5
43.Ra7 Kg6 44.Re7 Kf6 45.Rb7 Ra4 46.Rb5 Kf5 47.Kd3 Ra2 48.Kc3 Rxg2 49.Rb2 Rg1
50.Ra2 Rc1+ 51.Kb4 e4 52.a6 Rc8 53.a7 Ra8 54.Kc4 Ke5 55.Ra5+ Kf4 56.Kd5 e3
57.Kd4 e2 58.Ra1 f5  0-1

[Event "North American Open"]
[Site "Las Vegas USA"]
[Date "2007.12.28"]
[Round "4"]
[White "Akopyan,H"]
[Black "Khachiyan,M"]
[Result "1-0"]
[WhiteElo "2273"]
[BlackElo "2506"]

1.e4 c5 2.Nf3 d6 3.Bb5+ Bd7 4.Bxd7+ Qxd7 5.c4 Nf6 6.Nc3 g6 7.d4 cxd4 8.Nxd4 Bg7
9.O-O O-O 10.f3 Rc8 11.b3 d5 12.e5 Ne8 13.f4 dxc4 14.Be3 Nc6 15.Nce2 cxb3
16.axb3 Nxd4 17.Bxd4 a6 18.Ng3 Nc7 19.Bc5 Qc6 20.Rc1 Nd5 21.Qf3 Bh6 22.Ne2 e6
23.Kh1 Qd7 24.Rc4 b6 25.Bd6 b5 26.Rd4 Qc6 27.f5 Ne3 28.fxg6 fxg6 29.Qf7+ Kh8
30.Rg1 Rf8 31.Bxf8 Rxf8 32.Rd8 Rxd8 33.Qf6+ Kg8 34.Qxd8+ Bf8 35.Nd4 Qc5 36.h3 Qxe5
37.Qd7 Kh8 38.Qe8 Kg7 39.Nxe6+ Kf6 40.Qxf8+ Kxe6 41.Re1 Kd5 42.Qf2  1-0

[Event "37th Rilton Cup"]
[Site "Stockholm SWE"]
[Date "2007.12.28"]
[Round "2"]
[White "Holving,R"]
[Black "Lindberg,Be"]
[Result "0-1"]
[WhiteElo "2210"]
[BlackElo "2439"]

1.e4 c5 2.Nf3 d6 3.Bb5+ Bd7 4.Bxd7+ Qxd7 5.O-O Nc6 6.c3 Nf6 7.Re1 g6 8.d4 cxd4
9.cxd4 Bg7 10.Nc3 O-O 11.h3 Rfd8 12.Bf4 d5 13.e5 Nh5 14.Be3 Bh8 15.Bh6 f6
16.Qe2 Ng7 17.Rad1 Re8 18.g4 Ne6 19.h4 Ncd8 20.Qb5 Qxb5 21.Nxb5 Nf7 22.Bc1 a6
23.Nc3 Rad8 24.exf6 exf6 25.Re2 Rd7 26.Rde1 Nfd8 27.Na4 Kf7 28.g5 Nc6 29.Bf4 Rdd8
30.Be3 fxg5 31.Bxg5 Ncxd4 32.Nxd4 Nxg5 33.hxg5 Bxd4 34.Rxe8 Rxe8 35.Rd1 Re4
36.Kg2 b5 37.f3 Re2+ 38.Kf1 Rf2+ 39.Ke1 Be3 40.Nc3 d4 41.Nd5 Rxb2  0-1

[Event "Harmonie Open A"]
[Site "Groningen NED"]
[Date "2007.12.29"]
[Round "8"]
[White "Hendriks,W"]
[Black "Michielsen,J"]
[Result "1/2-1/2"]
[WhiteElo "2401"]
[BlackElo "2309"]

1.e4 c5 2.Nf3 d6 3.Bb5+ Bd7 4.Bxd7+ Qxd7 5.O-O Nf6 6.e5 dxe5 7.Nxe5 Qc8 8.Qf3 Nbd7
9.Nc4 e6 10.Nc3 Be7 11.d3 O-O 12.Bf4 Nb6 13.Nd6 Bxd6 14.Bxd6 Re8 15.b3 Nbd5
16.Ne4 Nxe4 17.dxe4 Ne7 18.Rad1 Qc6 19.Qe3 b6 20.Rd2 Rad8 21.Rfd1 Nd5 22.exd5 exd5
23.Be5 f6 24.f4 d4 25.Qg3 fxe5 26.fxe5 Rd5  1/2-1/2

[Event "II Illes Medes Open"]
[Site "L'Estartit ESP"]
[Date "2007.12.29"]
[Round "2"]
[White "Hartikainen,M"]
[Black "Edouard,R"]
[Result "0-1"]
[WhiteElo "2310"]
[BlackElo "2472"]

1.e4 c5 2.Nf3 d6 3.Bb5+ Bd7 4.Bxd7+ Qxd7 5.O-O Nf6 6.Re1 Nc6 7.b3 e6 8.Bb2 Be7
9.d4 cxd4 10.Nxd4 d5 11.exd5 Nxd5 12.c4 Nf4 13.Nb5 O-O-O 14.N1c3 Nd3 15.Na4 Nxb2
16.Nxb2 Bf6 17.Qe2 a6 18.Rac1 Qd2 19.Qxd2 Rxd2 20.Na4 Nb4 21.Nbc3 Nxa2 22.Nxa2 Rxa2
23.Red1 Rd8 24.Nb6+ Kc7 25.Rxd8 Kxd8 26.c5 Bd4 27.Rd1 Kc7 28.b4 Ra1 29.Rxa1 Bxa1
30.Nc4 Bc3  0-1

[Event "Abierto"]
[Site "Pamplona ESP"]
[Date "2007.12.29"]
[Round "9"]
[White "Sande Edreira,J"]
[Black "Barrantes Munoz,H"]
[Result "1-0"]
[WhiteElo "2342"]
[BlackElo "2170"]

1.e4 c5 2.Nf3 d6 3.Bb5+ Bd7 4.Bxd7+ Qxd7 5.O-O Nf6 6.Qe2 e6 7.Rd1 Nc6 8.d4 cxd4
9.Nxd4 Be7 10.b3 Nxd4 11.Rxd4 Qc6 12.Bb2 O-O 13.Nc3 a6 14.Rc4 Qb6 15.Rd1 Rac8
16.Na4 Qb5 17.Bxf6 Bxf6 18.Rxd6 Rxc4 19.Qxc4 Qh5 20.Qc5 Qe2 21.Qc4 Qe1+ 22.Qf1 Qxe4
23.Qd1 Be5 24.Rd7 b5 25.Nc5 Bxh2+ 26.Kf1 Qh4 27.Nxa6 Be5 28.Qf3 Qh1+ 29.Ke2 Qa1
30.Qd3 g6 31.Nb4 Bc3 32.Nc6 b4 33.Ra7 Qh1 34.Qe4 Qh5+ 35.g4 Qb5+ 36.Kf3 Qf1
37.Kg3 Qg1+ 38.Qg2 Qd1 39.Qf3 Qg1+ 40.Kh3 Qf1+ 41.Kh2 Be1 42.Qf6 Qxf2+ 43.Qxf2 Bxf2
44.Rb7 Kg7 45.Nxb4 h5 46.Nd3 Bd4 47.gxh5 g5 48.a4 Re8 49.a5 e5 50.Kg2 e4
51.Nc1 Re5 52.Ne2 Be3 53.Ng3 Bf4 54.a6 e3 55.a7 Ra5 56.Ne2 Bd6 57.Kf3 Kh6
58.Rb6  1-0

[Event "Harmonie Open A"]
[Site "Groningen NED"]
[Date "2007.12.30"]
[Round "9"]
[White "Kuling,L"]
[Black "Goudriaan,E"]
[Result "1-0"]
[WhiteElo "2200"]
[BlackElo "2123"]

1.e4 c5 2.Nf3 d6 3.Bb5+ Nd7 4.d4 Nf6 5.Nc3 a6 6.Bxd7+ Nxd7 7.O-O e6 8.Bg5 Qc7
9.Re1 cxd4 10.Qxd4 Ne5 11.Na4 b5 12.Nb6 Rb8 13.Nxc8 Nxf3+ 14.gxf3 Rxc8 15.a4 Qc4
16.Qxc4 bxc4 17.b4 cxb3 18.cxb3 Be7 19.Be3 Kd7 20.b4 Rb8 21.b5 axb5 22.axb5 Rhc8
23.Ra7+ Ke8 24.b6 Bd8 25.Rb1 Rc6 26.Kg2 d5 27.b7 dxe4 28.fxe4 Bc7 29.Ra8 Kd7
30.Ba7 Rd8 31.Rxd8+ Kxd8 32.Bb6 Rxb6 33.Rxb6 Bb8 34.Rc6 Bc7 35.Rc3 Kd7 36.h3 g6
37.Kf3  1-0

[Event "Premier"]
[Site "Hastings ENG"]
[Date "2008.01.01"]
[Round "5"]
[White "Greet,A"]
[Black "Formanek,E"]
[Result "1-0"]
[WhiteElo "2441"]
[BlackElo "2276"]

1.e4 c5 2.Nf3 d6 3.Bb5+ Bd7 4.Bxd7+ Qxd7 5.c4 Qg4 6.O-O Qxe4 7.d4 Nd7 8.Nc3 Qc6
9.d5 Qb6 10.Re1 h6 11.Rb1 g6 12.b4 cxb4 13.Be3 Qa5 14.Nb5 Kd8 15.a3 bxa3
16.Ra1 a6 17.Rxa3 axb5 18.Rxa5 Rxa5 19.Bb6+ Nxb6 20.Qd4 Nd7 21.Qxh8 Ngf6
22.cxb5 Rxb5 23.Ra1 Kc7 24.h3 Kb8 25.Rd1 Rc5 26.g4 g5 27.h4 gxh4 28.g5 hxg5
29.Nxg5 Rxd5 30.Rxd5 Nxd5 31.Nh7 Kc7 32.Nxf8 Nxf8 33.Qxf8 f6 34.Qf7 Kc6 35.Qe8+ Kc7
36.Qb5 Nb6 37.Kh2 Nd7 38.Kh3 e6 39.Kxh4 b6 40.Kh5 Kd8 41.Qc6 Ke7 42.f4  1-0

[Event "Premier"]
[Site "Hastings ENG"]
[Date "2008.01.01"]
[Round "5"]
[White "Briscoe,C"]
[Black "Gibson,Ch"]
[Result "1-0"]
[WhiteElo "2273"]
[BlackElo "2032"]

1.e4 c5 2.Nf3 d6 3.Bb5+ Bd7 4.Bxd7+ Qxd7 5.O-O Nf6 6.e5 dxe5 7.Nxe5 Qd6 8.Qe2 e6
9.f4 Nbd7 10.Nc3 Be7 11.Nc4 Qd4+ 12.Kh1 a6 13.d3 Nd5 14.Ne4 g6 15.c3 Qg7
16.Ned6+ Bxd6 17.Nxd6+ Ke7 18.Nxb7 h5 19.Na5 Rac8 20.Nc4 f5 21.Be3 h4 22.Rae1 h3
23.Bd4 hxg2+ 24.Qxg2 cxd4 25.Qxd5 dxc3 26.Rxe6+ Kd8 27.Qa5+ Rc7 28.Rxa6 Rxh2+
29.Kxh2 Qh6+ 30.Kg2 Qh5 31.Ra8+ Ke7 32.Re1+ Kf6 33.Qa6+  1-0

[Event "Premier"]
[Site "Hastings ENG"]
[Date "2008.01.03"]
[Round "7"]
[White "Briscoe,C"]
[Black "Zhou,Y"]
[Result "1/2-1/2"]
[WhiteElo "2273"]
[BlackElo "2068"]

1.e4 c5 2.Nf3 d6 3.Bb5+ Bd7 4.Bxd7+ Qxd7 5.O-O Nf6 6.e5 dxe5 7.Nxe5 Qd6 8.Qe2 Nbd7
9.f4 Qd4+ 10.Kh1 Qe4 11.Qxe4 Nxe4 12.Re1 Nd6 13.b4 cxb4 14.a3 bxa3 15.Bxa3 e6
16.Nc3 Nxe5 17.fxe5 Nc4 18.Bxf8 Kxf8 19.d3 Nb6 20.Nb5 Ke7 21.Nxa7 Nd7 22.d4 f6
23.exf6+ gxf6 24.c4 e5 25.Reb1 Rab8 26.d5 Kd6 27.Rb5 e4 28.Rab1 e3 29.Kg1 Rhe8
30.R5b2 Kc5 31.Nb5 Re4 32.Re2 Nb6 33.Nd6 Kxd6 34.Rxb6+ Kc5 35.Re6 Rxe6 36.dxe6 Kd4
37.Rb2 Kxc4 38.Kf1 b5 39.e7 Re8 40.Rc2+ Kd3 41.Rc7 b4 42.Rd7+ Kc2 43.Ke2 b3
44.Rc7+ Kb1 45.Kxe3 b2 46.Kd4 Ka2 47.Kd5 Rb8 48.Rb7 b1=Q 49.Rxb1 Kxb1 50.Ke6 Kc2
51.Kxf6 Kd3 52.Kf7 Ke3 53.e8=Q+ Rxe8 54.Kxe8 h5 55.Kf7 h4 56.Kf6 Kf2 57.Kg5 Kxg2  1/2-1/2

[Event "37th Rilton Cup"]
[Site "Stockholm SWE"]
[Date "2008.01.04"]
[Round "8"]
[White "Holving,R"]
[Black "Hedman,E"]
[Result "1/2-1/2"]
[WhiteElo "2210"]
[BlackElo "2396"]

1.e4 c5 2.Nf3 d6 3.Bb5+ Bd7 4.Bxd7+ Qxd7 5.O-O Nc6 6.c3 Nf6 7.Re1 e6 8.d4 cxd4
9.cxd4 d5 10.e5 Ng8 11.Nc3 Nge7 12.Qd3 Nf5 13.g4 Nfe7 14.Bf4 Ng6 15.Bg3 Bb4
16.a3 Bxc3 17.Qxc3 a5 18.Nd2 h5 19.h3 a4 20.Kg2 Qd8 21.f4 hxg4 22.hxg4 Nh4+
23.Kf2 Qb6 24.Bxh4 Rxh4 25.Rh1 Nxd4 26.Rxh4 Nf5+ 27.Ke2 Nxh4 28.Rh1 g5 29.Nf3 Qa6+
30.Kf2 Nxf3 31.Kxf3 Kd7 32.Rc1 gxf4 33.Qc7+ Ke8 34.Kxf4 Qe2 35.Rc2 Qe4+ 36.Kg3 Qe3+
37.Kg2 Qe4+ 38.Kg3 Qd3+ 39.Kg2 Qg6 40.Rf2 Qxg4+ 41.Kh1 Qe4+ 42.Kg1 Qb1+ 43.Kg2 Qg6+
44.Kf1 Rd8 45.Qxb7 Qd3+ 46.Kg2 Qe4+ 47.Kg1 Qg4+ 48.Rg2 Qd4+ 49.Rf2 Rd7 50.Qb8+ Ke7
51.Kg2 Qg4+ 52.Kf1 Qe4 53.Kg1 Qg4+ 54.Kf1 Qh3+ 55.Kg1 Qg3+ 56.Kf1 Qb3 57.Qg8 Qd3+
58.Ke1 Qb1+ 59.Ke2 Qxb2+ 60.Kf1 Qb1+ 61.Ke2 Qg6 62.Qb8 Qc2+ 63.Kf1 Qb3 64.Qg8 Qh3+
65.Kg1 Qh5 66.Qb8 Qg4+ 67.Rg2 Qd1+ 68.Kh2 Qh5+ 69.Kg1 Qd1+ 70.Kh2 Qh5+  1/2-1/2

[Event "Premier"]
[Site "Hastings ENG"]
[Date "2008.01.05"]
[Round "9"]
[White "Jain,A2"]
[Black "McClement,A"]
[Result "1-0"]
[WhiteElo "2000"]
[BlackElo "1594"]

1.e4 c5 2.Nf3 d6 3.Bb5+ Bd7 4.Bxd7+ Qxd7 5.c4 Nc6 6.d4 cxd4 7.Nxd4 Nf6 8.Nc3 g6
9.f3 Bg7 10.Be3 O-O 11.b3 a6 12.a4 Rfd8 13.Rc1 b6 14.O-O Rab8 15.Qd2 Ne8
16.Nd5 Rb7 17.Nxc6 Qxc6 18.Bxb6 Rdd7 19.a5 e6 20.Ne3 Nc7 21.Rb1 Rd8 22.b4 Rdb8
23.Rfc1 Na8 24.b5 axb5 25.cxb5 Qd7 26.Nc4 Nxb6 27.Nxb6 Rxb6 28.axb6 Rxb6
29.Qd3 Be5 30.g3 Qa7 31.Kg2 Qa2+ 32.Qc2 Qa5 33.Qc4 Qd2+ 34.Kh1 Qf2 35.Rb3  1-0

[Event "ITT"]
[Site "Villa Martelli Verano ARG"]
[Date "2008.01.06"]
[Round "3"]
[White "Obregon,A"]
[Black "Fernandez,Dani"]
[Result "0-1"]
[WhiteElo "2355"]
[BlackElo "2437"]

1.e4 c5 2.Nf3 d6 3.Bb5+ Bd7 4.Bxd7+ Qxd7 5.c4 Nf6 6.Nc3 Nc6 7.d4 cxd4 8.Nxd4 g6
9.f3 Bg7 10.Be3 O-O 11.O-O Rfc8 12.b3 a6 13.a4 Qd8 14.Qd2 Rab8 15.Rfd1 Nd7
16.Rab1 Nc5 17.Nde2 Nb4 18.Nf4 Be5 19.Ncd5 Nxd5 20.exd5 b5 21.axb5 axb5 22.Nd3 Nxd3
23.Qxd3 bxc4 24.bxc4 Ra8 25.f4 Bf6 26.Rb4 Ra2 27.h3 Qa5 28.Rdb1 Ra3 29.R4b3 Rxb3
30.Qxb3 Qc3 31.Qxc3 Bxc3 32.Rc1 Rxc4 33.Kf1 Rc7 34.Bd4 Ba5 35.Rb1 f6 36.Rb5 Bc3
37.Be3 f5 38.Ke2 Bf6 39.Rb3 Rc2+ 40.Kf3 h5 41.g4 hxg4+ 42.hxg4 Kf7 43.Ra3 Rb2
44.Bc1 Rb1 45.Bd2 Rh1 46.Kg2 Rd1 47.Ra2 fxg4 48.Kg3 Rg1+ 49.Kf2 Bd4+ 50.Be3 Bxe3+
51.Kxe3 Re1+ 52.Kf2 Rd1 53.Kg3 Rxd5 54.Kxg4 Kf6 55.Rf2 Rd4 56.Kg3 Kf5 57.Rf3 Re4
58.Rf1 e6 59.Rf3 d5 60.Rf1 d4 61.Rf2 d3 62.Rf3 d2 63.Rd3 Re3+ 64.Rxe3 d1=Q
65.Re5+ Kf6 66.Kf2 Qd4+ 67.Kf3 Qxe5  0-1

[Event "Petrovskaya Ladya IM"]
[Site "Peterhof RUS"]
[Date "2008.01.09"]
[Round "10"]
[White "Borisova,E"]
[Black "Duzhakov,I"]
[Result "1/2-1/2"]
[WhiteElo "2305"]
[BlackElo "2143"]

1.e4 c5 2.Nf3 d6 3.Bb5+ Nd7 4.O-O a6 5.Bxd7+ Bxd7 6.d4 e6 7.Nc3 Qc7 8.Bf4 Be7
9.Qd2 cxd4 10.Qxd4 e5 11.Nd5 Qd8 12.Nxe5 dxe5 13.Qxe5 Kf8 14.Rad1 f6 15.Qc3 Rc8
16.Qg3 Rc6 17.Rd3 g5 18.Rfd1 gxf4 19.Nxf4 Rd6 20.Rxd6 Bxd6 21.Rxd6 Qe7 22.Nd5 Qf7
23.h3 h5 24.Qf4 Rh6 25.e5 Be6 26.Nxf6 Kg7 27.Rd3 Nxf6 28.exf6+ Rxf6 29.Qe5 Kh7
30.f3 Qg6 31.Kh2 Rf7 32.Qg3 Qxg3+ 33.Kxg3 Rg7+ 34.Kf2 Bxa2 35.b3 Rc7 36.c4 Bb1
37.Rd5 Bg6 38.g4 hxg4 39.hxg4 Rf7 40.Kg3 Bc2 41.b4 Bb3 42.Rd4 b6 43.Rd6 Rb7
44.c5 bxc5 45.bxc5 a5 46.c6 Rg7 47.Rd7 Be6 48.Rxg7+ Kxg7 49.Kf4 Kf6 50.Ke4 Ke7
51.Kd4 Kd6 52.Kc3 Kxc6  1/2-1/2

[Event "ch-Reykjavik"]
[Site "Reykjavik ISL"]
[Date "2008.01.09"]
[Round "2"]
[White "Kjartansson,D"]
[Black "Omarsson,D"]
[Result "1-0"]
[WhiteElo "2288"]
[BlackElo "1999"]

1.e4 c5 2.Nf3 d6 3.Bb5+ Bd7 4.Bxd7+ Qxd7 5.O-O Nf6 6.Qe2 Nc6 7.c3 e6 8.d4 cxd4
9.cxd4 d5 10.e5 Ne4 11.Nc3 Nxc3 12.bxc3 Na5 13.Ng5 h6 14.Nh3 O-O-O 15.f4 g6
16.g4 h5 17.f5 hxg4 18.fxe6 fxe6 19.Ng5 Rh4 20.Qf2 Rh5 21.Qxf8  1-0

[Event "ch-AUS"]
[Site "Parramatta AUS"]
[Date "2008.01.10"]
[Round "10"]
[White "Lazarus,B"]
[Black "Boyd,T"]
[Result "1/2-1/2"]
[WhiteElo "2143"]
[BlackElo "2270"]

1.e4 c5 2.Nf3 d6 3.Bb5+ Bd7 4.Bxd7+ Qxd7 5.c4 g6 6.Nc3 Bg7 7.d4 cxd4 8.Nxd4 Nf6
9.f3 O-O 10.Be3 Nc6 11.O-O a6 12.Qd2 Nxd4 13.Bxd4 b5 14.cxb5 axb5 15.b3 b4
16.Na4 Rab8 17.Rac1 Rb5 18.Rfd1 Qb7 19.Qe3 Nd7 20.Bxg7 Kxg7 21.Rc2 Rc8 22.Rdc1 Rxc2
23.Rxc2 f6 24.Kh1 Nc5 25.Nxc5 dxc5 26.e5 Qc7 27.exf6+ exf6 28.g4 Ra5 29.h4 Qa7
30.Qe2 Ra6 31.Rd2 Qb7 32.Kg2 Ra7 33.Qe8 Qe7 34.Qxe7+ Rxe7 35.Kf2 Kf7 36.Rc2 Re5
37.f4 Rd5 38.Ke3 f5 39.g5 Ke6 40.h5 Kd6 41.Rh2 Kc6 42.hxg6 hxg6 43.Rh8 Rd6
44.Rf8 Re6+ 45.Kd3 Rd6+ 46.Ke3 Re6+ 47.Kd3 Rd6+ 48.Ke3  1/2-1/2

[Event "XXXIII Open"]
[Site "Sevilla ESP"]
[Date "2008.01.10"]
[Round "7"]
[White "Razmyslov,A"]
[Black "Serra Olives,T"]
[Result "1-0"]
[WhiteElo "2392"]
[BlackElo "2134"]

1.e4 c5 2.Nf3 d6 3.Bb5+ Bd7 4.Bxd7+ Qxd7 5.O-O g6 6.c3 Bg7 7.d4 cxd4 8.cxd4 e6
9.h4 Ne7 10.h5 gxh5 11.Nc3 d5 12.Ne5 Bxe5 13.dxe5 Nbc6 14.exd5 Nxd5 15.Ne4 O-O-O
16.Qxh5 Kb8 17.Bg5 Rc8 18.Rad1 Ka8 19.Nf6 Qc7 20.Nxd5 exd5 21.Rxd5 Rhg8 22.Be3 Rg6
23.Rc1 Rcg8 24.g3 Qc8 25.b4 Qe6 26.Rcd1 Rc8 27.b5 Ne7 28.Rd7 Rgg8 29.Qf3 Rb8
30.Bxa7  1-0

[Event "ASEAN Masters Circuit WIM"]
[Site "Tarakan INA"]
[Date "2008.01.11"]
[Round "4"]
[White "Chua Xing Jian,G"]
[Black "Tay Li Jin Jeslin"]
[Result "1-0"]
[WhiteElo "2075"]
[BlackElo "2050"]

1.e4 c5 2.Nf3 d6 3.Bb5+ Nd7 4.d4 Nf6 5.O-O a6 6.Bxd7+ Nxd7 7.Nc3 e6 8.Bg5 Qc7
9.d5 e5 10.a4 h6 11.Bh4 g6 12.Nd2 Bg7 13.Nc4 Nb6 14.Na3 Bd7 15.a5 Nc8 16.Nc4 O-O
17.Qd2 Kh7 18.Rab1 Bb5 19.b3 Rb8 20.Nxb5 axb5 21.Na3 b4 22.Nc4 Na7 23.c3 bxc3
24.Qxc3 Nb5 25.Qd2 Nd4 26.f3 f5 27.Bf2 Qd7 28.b4 fxe4 29.fxe4 Rbd8 30.Bxd4 exd4
31.bxc5 dxc5 32.Qd3 Qg4 33.Rxf8 Rxf8 34.Rxb7 Qf4 35.Rb1 Qf2+ 36.Kh1 Qa2 37.d6 Rf2
38.Rg1 Qc2 39.Qxc2 Rxc2 40.e5 Bf8 41.e6 Kg7 42.Rf1 Re2 43.a6 Rxe6 44.a7 Re8
45.d7 Rd8 46.Ne5 d3 47.Nc6  1-0

[Event "4NCL 2007-8"]
[Site "Wokefield Park ENG"]
[Date "2008.01.12"]
[Round "5"]
[White "Greet,A"]
[Black "Gormally,D"]
[Result "0-1"]
[WhiteElo "2444"]
[BlackElo "2495"]

1.e4 c5 2.Nf3 d6 3.Bb5+ Nd7 4.d4 Nf6 5.Nc3 cxd4 6.Qxd4 e5 7.Qd3 h6 8.Be3 Be7
9.Bc4 a6 10.a4 O-O 11.O-O Nb8 12.Rfd1 Nc6 13.Qe2 Bg4 14.Nd5 Nxd5 15.Bxd5 Kh8
16.h3 Bd7 17.Nd2 f5 18.exf5 Bxf5 19.c3 Qe8 20.Ne4 Qg6 21.Ng3 Be6 22.Bxe6 Qxe6
23.Qg4 Qf7 24.Qe4 Rad8 25.Qd5 Qg6 26.Ne4 Bh4 27.Rd2 Ne7 28.Qd3 d5 29.Ng3 e4
30.Qe2 Bxg3 31.fxg3 Qxg3 32.Bc5 Qc7 33.Bxe7 Qxe7 34.Qe3 Rf5 35.Rad1 Qc7 36.Rd4 b5
37.axb5 axb5 38.Kh1 Rdf8 39.Qe2 Rf2 40.Qxb5 Qg3 41.Rg1 R8f3 42.Qd7 Rxg2  0-1

[Event "6th Parsvnath Open"]
[Site "New Delhi IND"]
[Date "2008.01.13"]
[Round "1"]
[White "Yogesh,Ga"]
[Black "Udeshi,A"]
[Result "0-1"]
[WhiteElo "1813"]
[BlackElo "2331"]

1.e4 c5 2.Nf3 d6 3.Bb5+ Bd7 4.Bxd7+ Qxd7 5.O-O Nc6 6.c4 g6 7.Nc3 Bg7 8.a3 Nf6
9.h3 O-O 10.Rb1 Ne8 11.b4 b6 12.Re1 Nc7 13.b5 Ne5 14.Nxe5 dxe5 15.Nd5 e6
16.Nxc7 Qxc7 17.Rb3 Rfd8 18.Qe2 Bh6 19.d3 Bxc1 20.Rxc1 Rd4 21.Rcc3 Rad8 22.a4 f5
23.f3 R8d7 24.Ra3 f4 25.Kf1 h5 26.Qf2 Qd8 27.Ke2 g5 28.g4 hxg4 29.hxg4 Rh7
30.Ra1 Rdd7 31.Rg1 Rh4 32.Kd2 Rdh7 33.Rcc1 Rh2 34.Rg2 R2h3 35.Kc2 Qd7 36.Rcg1 Rh8
37.Rd1 Qc7 38.Kc3 Kf7 39.Kb3 Kf6 40.Kc3 Qd6 41.Kc2 R3h7 42.Rdg1 Rh3 43.Rd1 R8h7
44.Rdg1 Qf8 45.Kc3 Qd6 46.Kc2 Qd8 47.Rd1 Qh8 48.Rdg1 Rh1 49.Kc3 Rxg1 50.Rxg1 Rh3
51.Rg2 Qh4 52.Kb3 Rg3 53.Rh2 Rxf3 54.Rxh4 Rxf2 55.Rh6+ Kg7 56.Rxe6 Rg2 57.Rxe5 Rxg4
58.a5 Kg6 59.axb6 axb6 60.Rf5 Rg3 61.Kc3 f3 62.Kd2 g4 63.Ke3 Rg1 64.Kf2 Rg2+
65.Ke3 Kh6 66.e5 Kg6 67.Rf6+ Kg5 68.d4 cxd4+ 69.Kxd4 Rd2+ 70.Ke3 Re2+ 71.Kd4 f2
72.Kd3 Rb2 73.Ke3 g3 74.Rf8 g2 75.Rg8+ Kf5 76.Rxg2 f1=N+ 77.Kf3 Rxg2 78.Kxg2 Ne3+
79.Kf3 Nxc4 80.Ke2 Kxe5 81.Kd3  0-1

[Event "6th Parsvnath Open"]
[Site "New Delhi IND"]
[Date "2008.01.13"]
[Round "2"]
[White "Thakur,Ak"]
[Black "Jha,K"]
[Result "1-0"]
[WhiteElo "2315"]
[BlackElo "2052"]

1.e4 c5 2.Nf3 d6 3.Bb5+ Bd7 4.Bxd7+ Qxd7 5.c4 Nc6 6.O-O Nf6 7.Nc3 e6 8.d4 cxd4
9.Nxd4 a6 10.Be3 Be7 11.f3 Rc8 12.Na4 Qc7 13.Nxc6 Qxc6 14.Nb6 Rd8 15.Rc1 Nd7
16.Nxd7 Rxd7 17.a4 Bf6 18.b4 O-O 19.Qb3 b6 20.b5 axb5 21.cxb5 Qb7 22.Rc6 Bd8
23.f4 d5 24.f5 dxe4 25.fxe6 Rd3 26.exf7+ Kh8 27.Qb4 Rxf7 28.Qf8+  1-0

[Event "ch-BLR"]
[Site "Minsk BLR"]
[Date "2008.01.14"]
[Round "5"]
[White "Smirnov,Va"]
[Black "Lutsko,I"]
[Result "0-1"]
[WhiteElo "2394"]
[BlackElo "2429"]

1.e4 c5 2.Nf3 d6 3.Bb5+ Nc6 4.c3 Nf6 5.Qe2 Bd7 6.d4 cxd4 7.cxd4 a6 8.Bxc6 Bxc6
9.Nc3 d5 10.Ne5 e6 11.O-O Nxe4 12.Nxe4 dxe4 13.Nxc6 bxc6 14.Qxe4 Qd5 15.Qe2 Bd6
16.Be3 O-O 17.Rfc1 Rfb8 18.b3 a5 19.Rc4 h6 20.Rac1 Ba3 21.R1c2 a4 22.bxa4 Rb1+
23.Bc1 Bxc1 24.Rxc1 Rxc1+ 25.Rxc1 Rxa4 26.Rc2 Rxd4 27.h3 Rd1+ 28.Kh2 Qd6+
29.g3 Qd5 30.f3 Rd4 31.h4 c5 32.Kg2 e5 33.Qb5 Rd3 34.Rf2 g5 35.hxg5 hxg5
36.g4 Kg7 37.a4 e4 38.a5 exf3+ 39.Kh3 f5 40.Qb2+ Rd4 41.Qb8 Rxg4  0-1

[Event "6th Parsvnath Open"]
[Site "New Delhi IND"]
[Date "2008.01.14"]
[Round "3"]
[White "Mishra,S"]
[Black "Ashwin,J"]
[Result "1/2-1/2"]
[WhiteElo "2255"]
[BlackElo "2478"]

1.e4 c5 2.Nf3 d6 3.Bb5+ Nd7 4.d4 Nf6 5.Nc3 a6 6.Bxd7+ Nxd7 7.O-O e6 8.dxc5 Nxc5
9.Bf4 b6 10.Qd2 Qc7 11.Rad1  1/2-1/2

[Event "Corus B"]
[Site "Wijk aan Zee NED"]
[Date "2008.01.14"]
[Round "3"]
[White "Smeets,J"]
[Black "Cheparinov,I"]
[Result "1-0"]
[WhiteElo "2573"]
[BlackElo "2713"]

1.e4 c5 2.Nf3 d6 3.Bb5+ Nc6 4.O-O Bd7 5.Re1 Nf6 6.c3 a6 7.Bf1 Bg4 8.d3 e6
9.Nbd2 Nd7 10.h3 Bh5 11.g4 Bg6 12.d4 cxd4 13.cxd4 e5 14.d5 Ncb8 15.h4 h6
16.Bh3 Be7 17.h5 Bh7 18.Nf1 a5 19.Ng3 Na6 20.Bd2 Nac5 21.Re3 b5 22.Qe2 b4
23.Rc1 Qb6 24.Kh2 Qa6 25.Qxa6 Rxa6 26.Bf1 Rb6 27.Ree1 Rb8 28.Kh3 O-O 29.b3 Rfc8
30.Nh4 Bxh4 31.Kxh4 f6 32.f3 Kf7 33.Kh3 Rc7 34.Rc2 Ra7 35.Rb1 Ke7 36.Be2 Nb6
37.Rcb2 Rc7 38.Kg2 Ncd7 39.Kf2 Nc8 40.Ra1 Nc5 41.Rc1 Nb6 42.Ke1 Nbd7 43.Be3 Ra7
44.Rc4 Rc7 45.Kd2 Rbc8 46.Rcc2 Rb8 47.Rc1 Rbc8 48.Rbc2 Rb8 49.Bd1 Rbc8 50.Ke2 Nb6
51.Bd2 Kd8 52.Ke3 Na6 53.Rxc7 Rxc7 54.Rxc7 Nxc7 55.Be2 Nd7 56.Bc4 Nb6 57.Bd3 Kc8
58.Ke2 Kb7 59.Be3 Nd7 60.Nf1 Nc5 61.Bc4 Kc8 62.Nd2 Bg8 63.Kd1 Bf7 64.Be2 Nb7
65.Nc4 Be8 66.Bb6 a4 67.Kd2 axb3 68.axb3 Nb5 69.Ne3 Nd4 70.Bxd4 exd4 71.Nf5 Nc5
72.Bc4 Kc7 73.Nxg7 Bd7 74.Ne6+ Bxe6 75.dxe6 Kd8 76.Bd5  1-0

[Event "6th Parsvnath Open"]
[Site "New Delhi IND"]
[Date "2008.01.17"]
[Round "7"]
[White "Mari Arul,S"]
[Black "Dahale,A"]
[Result "0-1"]
[WhiteElo "2287"]
[BlackElo "2080"]

1.e4 c5 2.Nf3 d6 3.Bb5+ Bd7 4.Bxd7+ Qxd7 5.O-O Nc6 6.c3 Nf6 7.d4 cxd4 8.cxd4 e6
9.Nc3 d5 10.e5 Ne4 11.Re1 Nxc3 12.bxc3 Be7 13.Re3 Na5 14.Rb1 b6 15.h4 Rc8
16.Nh2 h5 17.Rg3 Bxh4 18.Rh3 Qd8 19.g3 Be7 20.Rxh5 Rxh5 21.Qxh5 Rxc3 22.Bd2 Ra3
23.Qh8+ Kd7 24.Qxg7 Nc4 25.Bh6 Qe8 26.Ng4 Rxa2 27.Qh7 a5 28.Qd3 Kc7 29.Ne3 b5
30.Nxc4 dxc4 31.Qf3 Ra3 32.Qf4 Rd3 33.Qg4 a4 34.Be3 a3 35.Rc1 Bb4 36.Qe4 Bc3
37.d5 exd5 38.Qxd3 cxd3 39.Rxc3+ Qc6 40.Rxa3 b4 41.Rxd3 Qb5 42.Rd2 b3 43.Bd4 Qb4
44.Rd1 Qc4 45.Bb2 Qe2 46.Rb1 Kc6 47.Bd4 Qd3 48.Rc1+ Kb5 49.Rc5+ Kb4 50.Rxd5 b2  0-1

[Event "6th Parsvnath Open"]
[Site "New Delhi IND"]
[Date "2008.01.18"]
[Round "8"]
[White "Thakur,Ak"]
[Black "Rao J.,M"]
[Result "1-0"]
[WhiteElo "2315"]
[BlackElo "2163"]

1.e4 c5 2.Nf3 d6 3.Bb5+ Nc6 4.O-O Bd7 5.Re1 a6 6.Bf1 g6 7.c3 Bg7 8.Na3 Ne5
9.h3 Bc6 10.Nc2 Nf6 11.d4 Nxf3+ 12.Qxf3 Nxe4 13.d5 Bxd5 14.Rxe4 O-O 15.c4 Bxe4
16.Qxe4 Qd7 17.Bg5 e6 18.Rd1 Bxb2 19.Bf4 f5 20.Qd3 e5 21.Bh6 Rf6 22.Qd5+ Rf7
23.Rb1 Bd4 24.Rb6 Qe7 25.Rxd6 Bxf2+ 26.Kxf2 Qh4+ 27.Kg1 Qxh6 28.Qxe5 Qc1
29.Ne3 f4 30.Ng4 f3 31.gxf3  1-0

[Event "GMA2"]
[Site "Marianske Lazne CZE"]
[Date "2008.01.21"]
[Round "3"]
[White "Meister,Y"]
[Black "Shytaj,L"]
[Result "1/2-1/2"]
[WhiteElo "2491"]
[BlackElo "2471"]

1.e4 c5 2.Nf3 d6 3.Bb5+ Bd7 4.Bxd7+ Qxd7 5.O-O Nc6 6.c3 d5 7.exd5 Qxd5 8.d4 e6
9.Be3 O-O-O 10.Qa4 Nf6 11.dxc5 Bxc5 12.Bxc5 Qxc5 13.b4 Qc4 14.Na3 Qf4 15.Nb5 a6
16.Nbd4 Nxd4 17.cxd4 Rd5 18.Rac1+ Kb8 19.Rc5 g5 20.Qb3 g4 21.Ne5 Qxd4 22.Nxf7 Re8
23.Rc4 Qd2 24.Qg3+ Ka8 25.b5 Rxb5 26.Nd6 Nh5 27.Qa3 Ra5 28.Qb4 Qxb4 29.Rxb4 Rb8
30.a4 Nf6 31.Re1 Nd5 32.Rxg4  1/2-1/2